<?xml version="1.0" encoding="UTF-8"?><?xml-stylesheet type="text/xsl" href="static/style.xsl"?><OAI-PMH xmlns="http://www.openarchives.org/OAI/2.0/" xmlns:xsi="http://www.w3.org/2001/XMLSchema-instance" xsi:schemaLocation="http://www.openarchives.org/OAI/2.0/ http://www.openarchives.org/OAI/2.0/OAI-PMH.xsd"><responseDate>2026-06-03T04:51:05Z</responseDate><request verb="GetRecord" identifier="oai:riuma.uma.es:10630/40701" metadataPrefix="marc">https://riuma.uma.es/rest/oai/request</request><GetRecord><record><header><identifier>oai:riuma.uma.es:10630/40701</identifier><datestamp>2026-02-03T12:18:05Z</datestamp><setSpec>com_10630_2254</setSpec><setSpec>col_10630_37959</setSpec></header><metadata><record xmlns="http://www.loc.gov/MARC21/slim" xmlns:dcterms="http://purl.org/dc/terms/" xmlns:doc="http://www.lyncode.com/xoai" xmlns:xsi="http://www.w3.org/2001/XMLSchema-instance" xsi:schemaLocation="http://www.loc.gov/MARC21/slim http://www.loc.gov/standards/marcxml/schema/MARC21slim.xsd">
   <leader>00925njm 22002777a 4500</leader>
   <datafield ind2=" " ind1=" " tag="042">
      <subfield code="a">dc</subfield>
   </datafield>
   <datafield ind2=" " ind1=" " tag="720">
      <subfield code="a">Sánchez Caballero, Abraham</subfield>
      <subfield code="e">author</subfield>
   </datafield>
   <datafield ind2=" " ind1=" " tag="720">
      <subfield code="a">Porras-Vázquez, José Manuel</subfield>
      <subfield code="e">author</subfield>
   </datafield>
   <datafield ind2=" " ind1=" " tag="720">
      <subfield code="a">dos Santos-Gómez, Lucía</subfield>
      <subfield code="e">author</subfield>
   </datafield>
   <datafield ind2=" " ind1=" " tag="720">
      <subfield code="a">Zamudio-García, Javier</subfield>
      <subfield code="e">author</subfield>
   </datafield>
   <datafield ind2=" " ind1=" " tag="720">
      <subfield code="a">Infantes-Molina, Antonia</subfield>
      <subfield code="e">author</subfield>
   </datafield>
   <datafield ind2=" " ind1=" " tag="720">
      <subfield code="a">Marrero-López, David</subfield>
      <subfield code="e">author</subfield>
   </datafield>
   <datafield ind2=" " ind1=" " tag="720">
      <subfield code="a">Ramírez-Losilla, Enrique</subfield>
      <subfield code="e">author</subfield>
   </datafield>
   <datafield ind2=" " ind1=" " tag="260">
      <subfield code="c">2025</subfield>
   </datafield>
   <datafield ind2=" " ind1=" " tag="520">
      <subfield code="a">This research explores the impact of praseodymium and niobium&#xd;
doping on the La5.4-xPrxMo1-yNbyO12- series (x= 1.35, 2.7, 4.05, 5.4; y= 0, 0.1)&#xd;
as materials with mixed proton-ionic conductivity suitable for hydrogen&#xd;
separation membranes with two main objectives: i) enhancing the electronic&#xd;
conductivity through praseodymium doping, and ii) increasing oxide ion&#xd;
vacancies to improve the ionic conductivity via niobium doping. Material synthesis involves the freeze-drying method, and&#xd;
characterization includes X-ray diffraction (Rietveld method), X-ray&#xd;
photoelectron spectroscopy, scanning and transmission electron microscopy&#xd;
and complex impedance spectroscopy. The symmetry of the materials (cubic or&#xd;
rhombohedral) is influenced by synthetic conditions and composition,&#xd;
compositions with higher praseodymium content exhibit a consistent cubic&#xd;
fluorite-type structure. Optimal conductivity is observed in a nitrogen&#xd;
atmosphere for compositions with high praseodymium content due to the&#xd;
presence of the Pr4+/Pr3+ pair. In a reducing atmosphere (wet 5%H2-Ar),&#xd;
conductivity significantly decreases due to the reduction of Pr4+ to Pr3+.</subfield>
   </datafield>
   <datafield ind1="8" ind2=" " tag="024">
      <subfield code="a">https://hdl.handle.net/10630/40701</subfield>
   </datafield>
   <datafield tag="653" ind2=" " ind1=" ">
      <subfield code="a">Separación por membrana</subfield>
   </datafield>
   <datafield tag="653" ind2=" " ind1=" ">
      <subfield code="a">Hidrógeno</subfield>
   </datafield>
   <datafield tag="653" ind2=" " ind1=" ">
      <subfield code="a">Lantano</subfield>
   </datafield>
   <datafield tag="653" ind2=" " ind1=" ">
      <subfield code="a">Praseodimio</subfield>
   </datafield>
   <datafield ind2="0" ind1="0" tag="245">
      <subfield code="a">Study of mixed molybdates of lanthanum and praseodymium, La5.4-xPrxMo1-yNbyO12-δ, for H2 separation membranes.</subfield>
   </datafield>
</record>
</metadata></record></GetRecord></OAI-PMH>